000 00449nam a2200169Ia 4500
008 260407s2022 xx 000 0 und d
041 _aeng
082 _a615.321/GOK
_b11986
100 _aS.B.GOKHALE
245 _aPHARMACOGNOSY AND PHYTOCHEMISTRY -I
250 _a4TH
260 _aPUNE
_bNIRALI PRAKASHAN
_c2022
300 _a10.2p
650 _aPHARMACOGNOSY AND PHYTOCHEMISTRY -I
650 _aPHARMACOGONOSY
700 _aDR.M.G.KALASKAR
999 _c1219478
_d1219478